000 00456nam a2200145Ia 4500
008 100122s9999 xx 000 0 und d
082 _b15653
_a823
100 _aकर्नाड हिरा
245 _aअबोल झाली सतार
260 _bराजश्री प्रकाशन
_c1969
300 _a95
630 _aअबोल झाली सतार
730 _aअबोल झाली सतार
942 _cBOOK
999 _c405849
_d405846